INDIAN COMPANY LAW (Record no. 7384)

MARC details
000 -LEADER
fixed length control field 00285nam a2200121Ia 4500
005 - DATE AND TIME OF LATEST TRANSACTION
control field 20250409181041.0
008 - FIXED-LENGTH DATA ELEMENTS--GENERAL INFORMATION
fixed length control field 250409s9999||||xx |||||||||||||| ||und||
100 ## - MAIN ENTRY--PERSONAL NAME
Personal name VARMA, M M
245 #0 - TITLE STATEMENT
Title INDIAN COMPANY LAW
260 ## - PUBLICATION, DISTRIBUTION, ETC.
Name of publisher, distributor, etc. KING BOOKS PUBLISHERS,
Place of publication, distribution, etc. DELHI:
650 ## - SUBJECT ADDED ENTRY--TOPICAL TERM
Form subdivision Law
942 ## - ADDED ENTRY ELEMENTS (KOHA)
Koha item type BOOK
Holdings
Withdrawn status Lost status Damaged status Not for loan Collection Home library Current library Shelving location Date acquired Total checkouts Full call number Barcode Date last seen Price effective from Koha item type
        Law St.Dominics College Library St.Dominics College Library General Stack 04/09/2025   346.066 VAR 17327 04/09/2025 04/09/2025 BOOK